Cardiovascular and pulmonary physical therapy evidence to practice (Registro nro. 75505)
[ vista simple ]
| 000 -ENCABEZADO | |
|---|---|
| Número de control [NR] | 00968nam a2200241Ia 4500 |
| 008 - DE LONGITUD FIJA DE DATOS DE ELEMENTOS - INFORMACIÓN GENERAL | |
| Elementos de longitud fija [NR] | 130821s2012 xxuao gr eng |
| 020 ## - NUMERO INTERNACIONAL NORMALIZADO PARA LIBROS [R] | |
| Número Internacional Normalizado del libro [NR] | 978 0 323 05913 8 |
| 040 ## - FUENTE DE CATALOGACION [NR] | |
| Agencia de catalogación original [NR] | Co-BoUCM |
| Idioma de catalogación [NR] | spa |
| 041 00 - CODIGO DE IDIOMA [R] | |
| Código de idioma para texto/pista de sonido o título separado [R] | Inglés |
| 060 ## - SIGNATURA TOPOGRAFICA DE LA BIBLIOTECA NACIONAL DE MEDICINA (NLM) [R] | |
| Número clasificador [R] | WF 145 |
| 245 00 - MENCION DE TITULO [NR] | |
| Título [NR] | Cardiovascular and pulmonary physical therapy evidence to practice |
| Mención de responsabilidad, etc. [NR] | [editado] por Donna Frownfelter, Elizabeth Dean |
| 250 ## - MENCION DE EDICION [NR] | |
| Mención de edición [NR] | 5a ed. |
| 260 ## - PUBLICACION, DISTRIBUCION, ETC. (PIE DE IMPRENTA) [R] | |
| Lugar de publicación, distribución, etc. [R] | San Luis (Misuri, Estados Unidos) |
| Nombre del editor, distribuidor, etc. [R] | Elsevier/Mosby |
| Fecha de publicación, distribución, etc. [R] | 2012 |
| 300 ## - DESCRIPCION FISICA [R] | |
| Extensión [R] | xii, 819 páginas |
| Otros detalles físicos [NR] | ilustraciones, gráficas, fotografías |
| 504 ## - NOTA DE BIBLIOGRAFIA, ETC. [R] | |
| Nota de bibliografía, etc. [NR] | |
| 650 ## - ASIENTO SECUNDARIO DE MATERIA - TERMINO TEMATICO [R] | |
| Término temático o nombre geográfico como elemento de entrada [NR] | Enfermedades cardiovasculares |
| Subdivisión general [R] | Rehabilitación |
| 9 (RLIN) | 7564 |
| 650 ## - ASIENTO SECUNDARIO DE MATERIA - TERMINO TEMATICO [R] | |
| Término temático o nombre geográfico como elemento de entrada [NR] | Enfermedades de los pulmones |
| Subdivisión general [R] | Rehabilitación |
| 9 (RLIN) | 14340 |
| 650 ## - ASIENTO SECUNDARIO DE MATERIA - TERMINO TEMATICO [R] | |
| Término temático o nombre geográfico como elemento de entrada [NR] | Fisioterapia |
| Subdivisión de forma [R] | Métodos |
| 9 (RLIN) | 38960 |
| 650 ## - ASIENTO SECUNDARIO DE MATERIA - TERMINO TEMATICO [R] | |
| Término temático o nombre geográfico como elemento de entrada [NR] | Neumología |
| 9 (RLIN) | 20263 |
| 700 1# - ASIENTO SECUNDARIO - NOMBRE PERSONAL [R] | |
| Nombre personal [NR] | Dean, Elizabeth |
| Forma más completa del nombre [NR] | (Elizabeth W.). |
| Término de relación [R] | |
| 9 (RLIN) | 169188 |
| 700 1# - ASIENTO SECUNDARIO - NOMBRE PERSONAL [R] | |
| Nombre personal [NR] | Frownfelter, Donna L. |
| Término de relación [R] | |
| 9 (RLIN) | 39115 |
| 942 ## - ELEMENTOS DE ENTRADA AGREGADOS (KOHA) | |
| Tipo de ítem principal el descrito en 300a | Libro |
| Sistema de clasificación | NLM |
| Tema principal | Ciencias de la salud |
| Edición | 5 |
| Clasificación | WF 145 |
| Parte restante de la signatura top. | C267 |
| Fecha de último préstamo | Total préstamos | Total Renewals | Signatura topográfica | Código de barras | Última vez visto | Volúmen / Fascículo | Ejemplar | Price effective from | Tipo de ítem | Perdido | Sistema de clasificación | Dañado | No prestable | Tipo de ítem específico | Suprimido | Ubicación habitual | Ubicación actual | Localización | Fecha de creación | Forma de adquisición | Costo |
|---|---|---|---|---|---|---|---|---|---|---|---|---|---|---|---|---|---|---|---|---|---|
| 24/03/2023 | 6 | 3 | WF 145 C267 | 200021474 | 01/12/2025 | 5a. Ed. | Ej.1 | 03/02/2013 | Libro | NLM | Libro | Hospital Universitario Mayor | Hospital Universitario Mayor | 9no piso | 30/09/2012 | Compra | 176102.00 |